| 000 | 01442nam a2200361 i 4500 | ||
|---|---|---|---|
| 003 | UkOxU | ||
| 005 | 20230405120400.0 | ||
| 008 | 230405s2022 enkab 001 0 eng c | ||
| 020 |
_a9781912747122 _qpaperback |
||
| 035 | _a(StEdALDL)1/4200908 | ||
| 040 | _aUkOxU | ||
| 041 | _aeng | ||
| 042 | _aukscp | ||
| 082 | _aF930.1 | ||
| 110 | 2 |
_aChartered Institute for Archaeologists, _eauthor. |
|
| 245 | 1 | 0 |
_aCIfA professional archaeology : _ba guide for clients : buildings archaeology and development. |
| 246 | 1 | 4 |
_aProfessional archaeology : _ba guide for clients |
| 264 | 1 |
_aReading, United Kingdom : _bChartered Institute for Archaeologists, _c2022 |
|
| 264 | 4 | _c©2022 | |
| 300 |
_a48 pages : _billustrations, maps ; _c30 cm |
||
| 336 |
_atext _2rdacontent |
||
| 336 |
_astill image _2rdacontent |
||
| 337 |
_aunmediated _2rdamedia |
||
| 338 |
_avolume _2rdacarrier |
||
| 500 | _aIncludes index. | ||
| 500 | _a"This guide is for anyone who needs to commission archaeology, It explains what you need to do and why you need a professional archeologist to help you through the process". | ||
| 500 | _a"Published designed and produce by Cathedral Communications Limited, High Street, Tilsbury, Wiltshire, England"--Page 3. | ||
| 650 | 0 |
_aArchaeology _xSocial aspects _zGreat Britain. |
|
| 650 | 0 |
_aExcavations (Archaeology) _zGreat Britain |
|
| 651 | _aUnited Kingdom | ||
| 942 | _n0 | ||
| 999 |
_c121459 _d121459 |
||